|
|
|
|
| LEADER |
00000nam0a2200000 4500 |
| 001 |
256211 |
| 005 |
20231031215408.0 |
| 020 |
|
|
|a RU
|b 87-90542
|
| 035 |
|
|
|a (RuTPU)RU\TPU\book\278861
|
| 090 |
|
|
|a 256211
|
| 100 |
|
|
|a 20140407d1987 k a0rusy5003 ca
|
| 101 |
0 |
|
|a rus
|
| 102 |
|
|
|a BY
|
| 105 |
|
|
|a y z 001zy
|
| 200 |
1 |
|
|a Эффективность экономики региона
|f Академия наук Белорусской ССР (АН БССР), Институт экономики (ИЭ) ; под ред. Я. М. Александровича, П. А. Капитула
|
| 210 |
|
|
|a Минск
|c Наука и техника
|d 1987
|
| 215 |
|
|
|a 247 с.
|
| 333 |
|
|
|a Исключено из фонда НТБ ТПУ
|
| 702 |
|
1 |
|a Александрович
|b Я. М.
|4 340
|
| 702 |
|
1 |
|a Капитула
|b П. А.
|4 340
|
| 712 |
0 |
2 |
|a Академия наук Белорусской ССР (АН БССР)
|b Институт экономики (ИЭ)
|c (Минск)
|
| 801 |
|
0 |
|a RU
|b RuMRKP
|c 19960705
|g psbo
|
| 801 |
|
1 |
|a RU
|b 63413507
|c 20140407
|
| 801 |
|
2 |
|a RU
|b 63413507
|c 20220304
|g RCR
|
| 942 |
|
|
|c BK
|